00567nam a2200181 a 450000100060000000300090000600800410001502000150005604000280007108200160009911000620011524500770017726000340025430000100028865000290029865000300032765000280035716821CO-ViMGA141112s2004 ck r 000 u spa d a9586825256 aCO-ViMGAbspacCO-ViMGA04a371.2 G613p aGobernación de Cundinamarca . Secretaria de educación10aProyecto de mejoramiento de la calidad de la educación en Cundinamarca aBogotá, cAlfaOmega, c2003 a51.p.14aADMINISTRACION EDUCATIVA14aCALIDAD DE LA educación14aPLANIFICACION EDUCATIVA